| 000 | 00393pab a2200157 454500 | ||
|---|---|---|---|
| 008 | 180718b2001 xxu||||| |||| 00| 0 eng d | ||
| 100 | _aFisher, Justin | ||
| 245 | _aCampaign finance: elections under new rules | ||
| 260 | _c2001 | ||
| 300 | _ap.689-700 | ||
| 362 | _aOct | ||
| 650 | _aElections - Great Britain | ||
| 650 | _aElections | ||
| 773 | _aParliamentary Affairs | ||
| 909 | _a50841 | ||
| 999 |
_c50841 _d50841 |
||